Reklamácie kvalita a reklamácie

Na minha lista:
Detalhes bibliográficos
Autor principal: Dzurová, Mária
Formato: Livro
Idioma:eslovaco
Publicado em: Bratislava Eurounion 1996
Colecção:Ekonomické a právne minimum podnikateľa
Assuntos:
Tags: Adicionar Tag
Sem tags, seja o primeiro a adicionar uma tag!

MARC

LEADER 00000nam a2200000 4500
001 c015482
005 20221214071710.0
020 |a 80-85568-59-4 
041 0 |a slo 
044 |a SK 
245 1 0 |a Reklamácie  |b kvalita a reklamácie  |c Mária Dzurová 
264 1 |a Bratislava  |b Eurounion  |c 1996 
300 |a 138 s. 
490 1 |a Ekonomické a právne minimum podnikateľa 
830 0 |a Ekonomické a právne minimum podnikateľa 
610 2 0 |a reklamácie 
610 2 0 |a kvalita 
610 2 0 |a kvalita výrobkov 
610 2 0 |a zákazníci 
610 2 0 |a manažment 
610 2 0 |a TQM 
100 1 |a Dzurová, Mária